000 00330nam a22001457a 4500
003 SGT
020 _a9788123909042
082 _a615
_bCAR
100 _aCARTER S J
245 _aCOOPER AND GUNN’S TUTORIAL PHARMACY
260 _aINDIA
_bCBS PUB
_c2005
300 _a469
650 _aPHARMACEUTICAL SCIENCES
942 _2ddc
_cBK
999 _c32833
_d32833